| 000 | 00443cam a2200157ua 4500 | ||
|---|---|---|---|
| 041 |
_aeng _h |
||
| 082 |
_a515.35 _bCOD/TH |
||
| 100 | _aCoddington, Earl A . | ||
| 245 |
_aTheory of ordinal differential equations / _cEarl A codington. _hTextual Documents |
||
| 260 |
_aNew Delhi : _bTata Mc-Graw Hill Publishing Company , _c1972. |
||
| 300 | _a429 ; . | ||
| 504 | _a | ||
| 700 | 1 | _aLevinson , Norman . | |
| 942 | _cBK | ||
| 999 |
_c5375 _d5375 |
||